000 005150000a22001930004500
999 _c49305
_d49305
001 2159
003 CO-MdFUSB
005 20180208154042.0
008 180208b xxu||||| |||| 00| 0 eng d
020 _a978-958-8093-96-3
040 _cCO-MdBIC
082 0 4 _a503 M744a
100 1 _aGabetta, Carlos
245 1 0 _aEl atlas del medio ambiente: amenazas y soluciones / Director Carlos Gabetta ; edición Dolores Valle
260 _aMedellín :
300 _a98 P.
650 1 4 _aAtlas de Colombia
942 _cLGB